[Event "DVM U10 2020"]
[Site "Magdeburg GER"]
[Date "2021.08.07"]
[Round "5"]
[White "Weißleder, Ari"]
[Black "Kutz, Ida Klara"]
[Result "0-1"]
[Termination "normal"]
[Board "8.2"]
[WhiteElo "1131"]
[BlackElo "1232"]
[WhiteTeam "SV Empor Erfurt"]
[BlackTeam "Lübecker SV von 1873"]
[PlyCount "98"]
[BlackFideId "16296257"]
[EventCountry "GER"]
[EventRounds "7"]
[EventType "team-swiss"]
[EventDate "2021.08.06"]

{[%evp 0,62,19,29,18,2,61,37,33,-1,1,-1,-4,-7,-15,-65,-25,-895,-129,-136,-99,
-92,-130,-559,-550,-535,-551,-552,-517,-529,-520,-601,-606,-614,-616,-606,-610,
-707,-692,-699,-714,-809,-774,-824,-786,-1013,-757,-784,-780,-849,-850,-853,
-791,-811,-805,-839,-851,-868,-930,-932,-935,-1007,-1215,-1375,-1524] normal}
1. Nf3 Nf6 2. c4 g6 3. Nc3 Bg7 4. d3 O-O 5. Bf4 d5 6. Qb3 c6 7. g3 dxc4 8. Bxb8
Rxb8 9. Qxc4 Nd5 10. Bg2 Be6 11. O-O Nxc3 12. Qh4 Nxe2+ 13. Kh1 Nd4 14. Ng5 h6
15. Ne4 Nf5 16. Qf4 Bxb2 17. Rab1 Bg7 18. Rfd1 Bxa2 19. Rbc1 Bb3 20. Rd2 e5 21.
Qg4 Nd4 22. h4 Be6 23. Qd1 Nb3 24. Qc2 Nxd2 25. Qxd2 Qd7 26. Nc5 Qc8 27. f4 Bh3
28. h5 Qg4 29. hxg6 fxg6 30. Be4 exf4 31. gxf4 Rxf4 32. Rg1 Rf1 33. Rxf1 Bxf1
34. Qa2+ Kh7 35. Ne6 Be5 36. Qb1 Qg3 37. Qc2 Re8 38. Nc5 Bd4 39. Qh2 Qxh2+ 40.
Kxh2 Bxc5 41. Kg3 a5 42. Bxc6 bxc6 43. d4 Bxd4 44. Kg4 Rf8 45. Kg3 Be5+ 46. Kg4
h5+ 47. Kg5 Bc7 48. Kh4 Bd6 49. Kg5 Be7# 0-1

[Event "DVM U10 2020"]
[Site "Magdeburg GER"]
[Date "2021.08.07"]
[Round "5"]
[White "Kutz, Paul Matti"]
[Black "Mantu, Elias Viorel"]
[Result "1-0"]
[Termination "normal"]
[Board "8.3"]
[WhiteElo "1202"]
[BlackElo "896"]
[WhiteTeam "Lübecker SV von 1873"]
[BlackTeam "SV Empor Erfurt"]
[PlyCount "65"]
[WhiteFideId "16296265"]
[BlackFideId "34601350"]
[EventCountry "GER"]
[EventRounds "7"]
[EventType "team-swiss"]
[EventDate "2021.08.06"]

{[%evp 0,54,29,25,85,63,75,78,73,73,72,-43,-19,-7,-9,-119,-99,-118,-58,-105,
-30,-81,-75,-97,382,381,559,558,579,558,595,545,542,544,537,484,486,473,549,
466,557,544,533,526,570,497,754,763,770,773,773,797,787,590,598,519,849] normal
} 1. e4 d6 2. d4 Nf6 3. Nc3 g6 4. Bc4 Bg7 5. e5 dxe5 6. dxe5 Qxd1+ 7. Kxd1 Ng4
8. Ke1 Bxe5 9. Bg5 Bd4 10. Bh4 Bf5 11. Nf3 Bxc2 12. Nxd4 Nc6 13. Nxc2 O-O 14.
f3 Nf6 15. Bxf6 exf6 16. Kf2 Ne5 17. Bd5 c6 18. Bb3 b5 19. Ne4 Kg7 20. Rad1 a5
21. Nd4 f5 22. Ng5 f6 23. Nge6+ Kg8 24. Nxf8+ Kxf8 25. Ne6+ Ke7 26. Rhe1 a4 27.
f4 Ng4+ 28. Kg3 axb3 29. Nc7+ Kf7 30. Nxa8 bxa2 31. Rd7+ Kf8 32. Nc7 Nh6 33.
Re8# 1-0

[Event "DVM U10 2020"]
[Site "Magdeburg GER"]
[Date "2021.08.07"]
[Round "5"]
[White "Bartik, Hugo"]
[Black "Petridis, Ilias"]
[Result "1/2-1/2"]
[Termination "normal"]
[Board "8.4"]
[WhiteElo "878"]
[BlackElo "1169"]
[WhiteTeam "SV Empor Erfurt"]
[BlackTeam "Lübecker SV von 1873"]
[PlyCount "55"]
[BlackFideId "34617515"]
[EventCountry "GER"]
[EventRounds "7"]
[EventType "team-swiss"]
[EventDate "2021.08.06"]

{[%evp 0,55,25,15,22,22,25,15,5,10,19,33,26,26,14,6,-3,-19,9,21,16,20,59,72,66,
68,127,106,103,103,99,100,112,112,96,0,51,52,127,70,69,4,23,17,36,33,38,33,29,
27,30,-22,0,-160,-142,-142,-160,-286] normal} 1. e4 e5 2. Nf3 Nc6 3. Nc3 Nf6 4.
Bc4 h6 5. d3 Bc5 6. Be3 Bb6 7. Qd2 d6 8. Nd5 Ba5 9. c3 Bg4 10. Qe2 Bxf3 11.
Qxf3 Nxd5 12. Bxd5 Qf6 13. Qxf6 gxf6 14. O-O-O Bb6 15. Kb1 Rb8 16. d4 Ne7 17.
dxe5 fxe5 18. Bxb6 cxb6 19. Rhf1 Nxd5 20. exd5 Rc8 21. f4 f6 22. fxe5 fxe5 23.
Rf6 Ke7 24. Re6+ Kd7 25. b4 Rhe8 26. g4 Rxe6 27. dxe6+ Kxe6 28. g5 1/2-1/2

[Event "DVM U10 2020"]
[Site "Magdeburg GER"]
[Date "2021.08.07"]
[Round "5"]
[White "Pimenov, Danil"]
[Black "Roos Nazario, Valentin"]
[Result "1-0"]
[Termination "normal"]
[Board "9.1"]
[WhiteElo "1227"]
[BlackElo "1204"]
[WhiteTeam "SC Borussia Lichtenberg"]
[BlackTeam "Tischtennisclub Grün-Weiß Fritzdorf 1958 e. V."]
[PlyCount "69"]
[WhiteFideId "34600248"]
[BlackFideId "16295722"]
[EventCountry "GER"]
[EventRounds "7"]
[EventType "team-swiss"]
[EventDate "2021.08.06"]

{[%evp 0,69,19,38,40,41,51,18,45,11,75,66,43,47,41,34,31,22,24,19,44,9,35,16,9,
-4,2,1,16,-13,30,37,64,68,84,73,82,83,73,58,68,39,67,31,162,146,178,152,168,
180,179,179,195,197,191,164,183,176,1008,1044,1044,1256,29991,29992,29995,
29994,29995,29996,29997,29998,29999,-30000] normal} 1. e4 c5 2. Nf3 Nc6 3. d4
cxd4 4. Nxd4 g6 5. Nc3 Bg7 6. Be3 d6 7. Bc4 Nf6 8. f3 O-O 9. Qd2 Bd7 10. O-O-O
Rc8 11. Bb3 Na5 12. g4 Nxb3+ 13. Nxb3 Be6 14. h4 Bxb3 15. axb3 Qa5 16. Kb1 h5
17. g5 Nd7 18. Nd5 Qd8 19. f4 Nc5 20. Bxc5 Rxc5 21. b4 Rb5 22. c4 Rb6 23. Nxb6
Qxb6 24. f5 Rc8 25. Rc1 Bd4 26. Rh3 Be5 27. Rf3 Qc6 28. Qd5 Qb6 29. fxg6 e6 30.
gxf7+ Kg7 31. Qxe6 Rh8 32. Qh6+ Rxh6 33. f8=Q+ Kh7 34. Qxh6+ Kg8 35. Rf8# 1-0

[Event "DVM U10 2020"]
[Site "Magdeburg GER"]
[Date "2021.08.07"]
[Round "5"]
[White "Burlutskaia, Maria"]
[Black "Rabus, Johann"]
[Result "1-0"]
[Termination "normal"]
[Board "9.2"]
[WhiteElo "1355"]
[BlackElo "1243"]
[WhiteTeam "Tischtennisclub Grün-Weiß Fritzdorf 1958 e. V."]
[BlackTeam "SC Borussia Lichtenberg"]
[PlyCount "95"]
[WhiteFideId "34607137"]
[BlackFideId "34602950"]
[EventCountry "GER"]
[EventRounds "7"]
[EventType "team-swiss"]
[EventDate "2021.08.06"]

{[%evp 0,30,28,31,41,18,54,23,30,37,23,3,7,7,23,25,14,40,38,39,356,348,346,349,
349,303,336,350,344,318,417,346,465] normal} 1. e4 e5 2. Nf3 Nf6 3. Nxe5 d6 4.
Nf3 Nxe4 5. Be2 Nc6 6. O-O Be6 7. Re1 d5 8. Bb5 Bc5 9. d4 a6 10. Bxc6+ bxc6 11.
dxc5 O-O 12. Bf4 Qf6 13. Be5 Qg6 14. Nbd2 Bh3 15. Bg3 Bf5 16. Nxe4 dxe4 17. Nh4
Qf6 18. Nxf5 Qxf5 19. Bxc7 Rac8 20. Bd6 Rfe8 21. h3 e3 22. Rxe3 Rxe3 23. fxe3
Re8 24. Bf4 Qxc5 25. Qd7 Ra8 26. c3 Qc4 27. Kf2 Qb5 28. b3 h6 29. a4 Qxb3 30.
Qxc6 Rf8 31. Re1 Qc2+ 32. Re2 Qb3 33. Qxa6 Qxc3 34. a5 Re8 35. Qb6 Re6 36. Qc7
Rc6 37. Qd7 g5 38. Qe8+ Kh7 39. Be5 Qc4 40. Qh8+ Kg6 41. Qg7+ Kf5 42. e4+ Ke6
43. Qf6+ Kd7 44. Rd2+ Kc8 45. Qd8+ Kb7 46. Rb2+ Ka7 47. Qb8+ Ka6 48. Qa8# 1-0

[Event "DVM U10 2020"]
[Site "Magdeburg GER"]
[Date "2021.08.07"]
[Round "5"]
[White "Ciur, Andrei"]
[Black "Fischermann, Simon"]
[Result "1-0"]
[Termination "normal"]
[Board "9.3"]
[WhiteElo "1088"]
[BlackElo "861"]
[WhiteTeam "SC Borussia Lichtenberg"]
[BlackTeam "Tischtennisclub Grün-Weiß Fritzdorf 1958 e. V."]
[PlyCount "131"]
[WhiteFideId "13912720"]
[BlackFideId "34620869"]
[EventCountry "GER"]
[EventRounds "7"]
[EventType "team-swiss"]
[EventDate "2021.08.06"]

{[%evp 0,81,18,18,18,18,28,8,62,65,37,-2,171,82,112,108,248,306,293,247,247,
227,638,401,885,269,744,478,608,307,413,239,218,224,233,238,221,227,210,175,
668,731,722,683,689,674,746,708,833,861,29989,835,868,715,743,752,752,813,813,
635,642,648,676,648,652,653,666,631,999,1059,1097,1108,1123,1064,1072,1092,
1101,1096,1106,1107,1124,1160,1184,1041] normal} 1. e4 e5 2. Nf3 Nf6 3. Nc3 Bb4
4. Nxe5 O-O 5. Bc4 Ne8 6. Qf3 Qe7 7. Nd5 Bxd2+ 8. Bxd2 Qxe5 9. Bc3 Qd6 10. Qg4
g6 11. O-O Qc5 12. e5 Ng7 13. Qh3 h5 14. Bb3 d6 15. Qe3 Qxe3 16. fxe3 Na6 17.
exd6 cxd6 18. Ne7+ Kh7 19. Bxf7 Nf5 20. Bxg6+ Kh6 21. Bxf5 Bxf5 22. Nxf5+ Kg5
23. Nxd6 Rxf1+ 24. Rxf1 b6 25. Rf5+ Kg6 26. Re5 Rd8 27. Re6+ Kh7 28. Re7+ Kg8
29. Re8+ Rxe8 30. Nxe8 Kf7 31. Nf6 Kg6 32. e4 Nc5 33. e5 Na4 34. e6 Nxc3 35. e7
Ne2+ 36. Kh1 Kxf6 37. e8=Q Nf4 38. Qa8 a5 39. Qb8 Ne6 40. Qxb6 a4 41. b3 axb3
42. cxb3 Kf5 43. Qxe6+ Kxe6 44. h3 Kd5 45. g4 hxg4 46. hxg4 Ke5 47. a4 Kd5 48.
g5 Ke6 49. a5 Kd6 50. g6 Ke7 51. a6 Kf6 52. a7 Kxg6 53. a8=Q Kf6 54. Kg2 Ke5
55. Qc8 Kf6 56. b4 Ke7 57. b5 Kd6 58. b6 Kd5 59. b7 Ke5 60. b8=Q+ Kd5 61. Qbb7+
Ke5 62. Qe7+ Kd5 63. Qcd8+ Kc6 64. Qec7+ Kb5 65. Qdb8+ Ka6 66. Qcb6# 1-0

[Event "DVM U10 2020"]
[Site "Magdeburg GER"]
[Date "2021.08.07"]
[Round "5"]
[White "Melestean, Maxim"]
[Black "Ensslen, Jakob"]
[Result "1-0"]
[Termination "normal"]
[Board "10.1"]
[WhiteElo "1289"]
[BlackElo "1103"]
[WhiteTeam "Schachklub König Plauen"]
[BlackTeam "Karlsruher SF 1853"]
[PlyCount "59"]
[WhiteFideId "16280393"]
[BlackFideId "34640258"]
[EventCountry "GER"]
[EventRounds "7"]
[EventType "team-swiss"]
[EventDate "2021.08.06"]

{[%evp 0,59,18,17,26,0,37,19,36,32,36,0,45,17,17,34,25,22,34,32,54,47,68,30,70,
65,81,80,94,75,68,79,73,65,116,116,108,105,452,460,471,474,567,580,626,654,718,
735,757,754,772,713,736,759,760,773,773,785,29997,29998,29999,-30000] normal}
1. d4 e6 2. c4 Bb4+ 3. Nc3 d5 4. e3 Nf6 5. Qc2 Ne4 6. Bd2 Nxd2 7. Qxd2 O-O 8.
a3 Bxc3 9. Qxc3 Nc6 10. Nf3 f6 11. cxd5 Qxd5 12. Bc4 Qe4 13. O-O Kh8 14. Bb5
Bd7 15. Rac1 a6 16. Qd3 f5 17. Qxe4 fxe4 18. Bxc6 exf3 19. Bxd7 fxg2 20. Kxg2
Rf6 21. Rxc7 Rf7 22. Rfc1 h6 23. Bxe6 Rxc7 24. Rxc7 Re8 25. Bd5 b5 26. Ra7 Rd8
27. Be4 Re8 28. Bd3 Re6 29. Ra8+ Re8 30. Rxe8# 1-0

[Event "DVM U10 2020"]
[Site "Magdeburg GER"]
[Date "2021.08.07"]
[Round "5"]
[White "Maier, Kalle"]
[Black "da Costa Silva, Pepe"]
[Result "0-1"]
[Termination "normal"]
[Board "10.2"]
[WhiteElo "1070"]
[BlackElo "1105"]
[WhiteTeam "Karlsruher SF 1853"]
[BlackTeam "Schachklub König Plauen"]
[PlyCount "88"]
[WhiteFideId "34669604"]
[BlackFideId "16282000"]
[EventCountry "GER"]
[EventRounds "7"]
[EventType "team-swiss"]
[EventDate "2021.08.06"]

{[%evp 0,72,18,11,51,66,39,11,21,22,66,27,34,26,65,45,41,33,52,14,50,18,76,14,
19,3,-15,-25,15,6,20,1,56,-330,-346,-349,-358,-380,-226,-226,-24,-14,-10,-27,
-15,-17,-12,-79,-77,-86,-81,-85,29,-84,32,36,133,104,158,80,87,91,65,52,100,
101,101,102,102,102,117,115,133,136,159] normal} 1. e4 c5 2. Nf3 Nc6 3. d4 cxd4
4. Nxd4 d6 5. Nc3 Nf6 6. Be3 e6 7. Bc4 Be7 8. O-O a6 9. Qe2 Qc7 10. Rad1 b5 11.
Bb3 O-O 12. a4 b4 13. Na2 Nxe4 14. Nxc6 Qxc6 15. Nxb4 Qb7 16. Rfe1 Qxb4 17. Rd4
Qb7 18. Qg4 e5 19. Qxe4 Qxe4 20. Rxe4 Bf5 21. Rc4 Rac8 22. Rxc8 Rxc8 23. c3 Rb8
24. Bc4 Rxb2 25. Bxa6 Rc2 26. c4 Bd7 27. Bb5 Bxb5 28. cxb5 Ra2 29. g3 Rxa4 30.
Rb1 d5 31. b6 Rb4 32. Rxb4 Bxb4 33. b7 Bd6 34. Ba7 d4 35. b8=Q+ Bxb8 36. Bxb8
d3 37. Kf1 e4 38. Bf4 f5 39. Ke1 Kf7 40. Kd2 Ke6 41. Ke3 Kd5 42. Kd2 Kd4 43. h3
h6 44. Be3+ Ke5 0-1

[Event "DVM U10 2020"]
[Site "Magdeburg GER"]
[Date "2021.08.07"]
[Round "5"]
[White "Al-Hrishat, Alhasan"]
[Black "Xiao, Karoline"]
[Result "0-1"]
[Termination "normal"]
[Board "10.3"]
[WhiteElo "1123"]
[BlackElo "972"]
[WhiteTeam "Schachklub König Plauen"]
[BlackTeam "Karlsruher SF 1853"]
[PlyCount "94"]
[BlackFideId "16282230"]
[EventCountry "GER"]
[EventRounds "7"]
[EventType "team-swiss"]
[EventDate "2021.08.06"]

{[%evp 0,94,18,11,41,45,71,61,81,63,114,58,50,50,31,24,24,-2,23,-29,5,17,24,
-179,-206,-182,-274,-225,-163,-293,-195,-1033,-1087,-1087,-1112,-1192,-979,
-1236,-1238,-1238,-1149,-1146,-1217,-1217,-1063,-1315,-1148,-1145,-1168,-1164,
-879,-2322,-2451,-29991,-29992,-29993,-28803,-29991,-29992,-29993,-29994,
-29995,-29996,-29997,-29994,-29995,-29994,-29995,-29996,-29997,-29996,-29997,
-29996,-29997,-29994,-29995,-29996,-29997,-29996,-29997,-29994,-29995,-29992,
-29995,-29994,-29995,-29996,-29997,-29994,-29995,-29994,-29995,-29996,-29997,
-29996,-29999,-30000] normal} 1. e4 c5 2. Nf3 d6 3. Bc4 Nf6 4. Nc3 g6 5. d4
cxd4 6. Nxd4 Bg7 7. Be3 O-O 8. O-O Nc6 9. Qd2 Ne5 10. Bb3 Neg4 11. Bf4 e5 12.
h3 exd4 13. Qxd4 Ne5 14. Nd5 Nxd5 15. Bxd5 Nf3+ 16. gxf3 Bxd4 17. c3 Bg7 18.
Kh2 Qh4 19. Bg3 Qxh3+ 20. Kg1 Be5 21. f4 Bf6 22. Bh2 Bg4 23. e5 dxe5 24. fxe5
Rad8 25. f3 Rxd5 26. fxg4 Qxg4+ 27. Kh1 Bxe5 28. Rg1 Qh3 29. Rg2 Bxh2 30. Rxh2
Qf3+ 31. Kg1 Rfd8 32. Rf2 Rd1+ 33. Rxd1 Rxd1+ 34. Rf1 Qxf1+ 35. Kh2 Rd2+ 36.
Kg3 Qf2+ 37. Kg4 f5+ 38. Kg5 Qg3+ 39. Kf6 Rg2 40. Ke7 Qe5+ 41. Kd8 Rd2+ 42. Kc8
Qe7 43. Kb8 Rd8+ 44. Kxa7 Qc7 45. b4 Qc6 46. b5 Qc7 47. b6 Qb8# 0-1

[Event "DVM U10 2020"]
[Site "Magdeburg GER"]
[Date "2021.08.07"]
[Round "5"]
[White "Volz, Alexander Sebastian"]
[Black "Akladius, Antonius"]
[Result "1-0"]
[Termination "normal"]
[Board "10.4"]
[WhiteElo "731"]
[BlackElo "991"]
[WhiteTeam "Karlsruher SF 1853"]
[BlackTeam "Schachklub König Plauen"]
[PlyCount "39"]
[WhiteFideId "34681760"]
[BlackFideId "16289153"]
[EventCountry "GER"]
[EventRounds "7"]
[EventType "team-swiss"]
[EventDate "2021.08.06"]

{[%evp 0,39,18,11,44,40,45,46,59,0,9,3,51,9,59,24,21,-32,-7,-8,-4,-11,45,-196,
-8,-3,9,19,19,-17,26,31,82,38,134,127,104,24,567,532,583,604] normal} 1. e4 c5
2. Nf3 Nc6 3. Bb5 d6 4. Bxc6+ bxc6 5. d4 d5 6. Nc3 cxd4 7. Nxd4 dxe4 8. Nxe4
Nf6 9. Nxf6+ gxf6 10. O-O c5 11. Nc6 Qxd1 12. Rxd1 Bb7 13. Na5 Be4 14. c4 e6
15. Bf4 e5 16. Re1 f5 17. Bxe5 Rg8 18. f3 Bd3 19. Bg3+ Kd7 20. Rad1 1-0

[Event "DVM U10 2020"]
[Site "Magdeburg GER"]
[Date "2021.08.07"]
[Round "5"]
[White "Bock, Leonas"]
[Black "Snover, Tom"]
[Result "1/2-1/2"]
[Termination "normal"]
[Board "11.1"]
[WhiteElo "1278"]
[BlackElo "1525"]
[WhiteTeam "SSV Vimaria 91 Weimar"]
[BlackTeam "Schachclub Aschaffenburg e.V."]
[PlyCount "63"]
[WhiteFideId "16287118"]
[BlackFideId "34604553"]
[EventCountry "GER"]
[EventRounds "7"]
[EventType "team-swiss"]
[EventDate "2021.08.06"]

{[%evp 0,63,18,23,20,12,11,12,9,17,17,15,16,15,21,25,44,39,76,60,82,100,49,31,
35,-40,2,-24,8,5,13,10,4,9,15,7,4,10,8,6,6,-7,-22,-22,-2,-37,5,-47,-33,-30,-3,
3,0,0,29,31,28,29,29,23,49,56,57,57,41,33] normal} 1. d4 d5 2. Nf3 Nf6 3. e3 e6
4. Bd3 Bd6 5. b3 Bd7 6. Bb2 O-O 7. O-O Qe7 8. Nbd2 Bc6 9. Ne5 Nfd7 10. f4 f6
11. Nxd7 Nxd7 12. Rf3 f5 13. Rh3 Nf6 14. Nf3 Ne4 15. Ne5 Bxe5 16. fxe5 Rf7 17.
a4 a5 18. Qh5 g6 19. Qh6 Qg5 20. Bxe4 Qxh6 21. Rxh6 fxe4 22. Ba3 Rd8 23. Rf1
Rxf1+ 24. Kxf1 Rd7 25. Rh4 Rf7+ 26. Rf4 Rxf4+ 27. exf4 b5 28. axb5 Bxb5+ 29.
Kf2 Kg7 30. Be7 c6 31. Bc5 Kf7 32. g4 1/2-1/2

[Event "DVM U10 2020"]
[Site "Magdeburg GER"]
[Date "2021.08.07"]
[Round "5"]
[White "Schwab, Florentin"]
[Black "Kirsch, Jamie"]
[Result "1-0"]
[Termination "normal"]
[Board "11.2"]
[WhiteElo "934"]
[BlackElo "1078"]
[WhiteTeam "Schachclub Aschaffenburg e.V."]
[BlackTeam "SSV Vimaria 91 Weimar"]
[PlyCount "153"]
[WhiteFideId "34669051"]
[BlackFideId "34640460"]
[EventCountry "GER"]
[EventRounds "7"]
[EventType "team-swiss"]
[EventDate "2021.08.06"]

{[%evp 0,60,20,11,43,42,77,63,66,62,53,41,45,36,70,64,119,87,132,53,98,93,123,
50,50,-20,-20,1,1,-27,-44,-37,-45,-127,-123,-138,-108,-136,-58,-220,-187,-187,
-220,-215,-63,-85,-25,-188,-198,-203,-201,-201,-213,-211,-220,-235,-169,-247,0,
-8,0,-169,-175] normal} 1. e4 d5 2. exd5 Qxd5 3. Nc3 Qa5 4. Nf3 Nf6 5. Bc4 Nc6
6. a3 e5 7. d3 Qc5 8. Be3 Qd6 9. b4 Bg4 10. h3 Be6 11. Bc5 Qd7 12. Bb5 Bxc5 13.
bxc5 a6 14. Bxc6 Qxc6 15. O-O Qxc5 16. Ne2 O-O-O 17. Qd2 h6 18. Rfb1 g5 19. c4
g4 20. hxg4 Bxg4 21. Nh2 Bxe2 22. Qxe2 Qd4 23. Ra2 Qxd3 24. Qxd3 Rxd3 25. Rab2
b6 26. a4 Rhd8 27. Nf1 a5 28. Rc1 c5 29. Rxb6 Ne4 30. Rc6+ Kb7 31. Rxh6 Rd1 32.
Rc2 f5 33. Rb2+ Kc7 34. Rh3 Nd2 35. Rh7+ Kc6 36. Rh6+ Rd6 37. Rxd6+ Kxd6 38.
Rxd2+ Rxd2 39. Nxd2 e4 40. Kf1 Ke5 41. Ke2 Kd4 42. Nb3+ Kxc4 43. Nxa5+ Kb4 44.
Nc6+ Kxa4 45. Ne5 Kb3 46. Ke3 c4 47. Nxc4 Kxc4 48. Kf4 Kd3 49. Kxf5 Kd4 50. g4
Kd5 51. g5 Kd6 52. Kxe4 Ke6 53. f4 Kf7 54. f5 Kg7 55. f6+ Kg6 56. Ke5 Kf7 57.
Kf5 Kf8 58. g6 Ke8 59. g7 Kf7 60. Kg5 Kg8 61. Kh6 Kf7 62. Kh7 Kxf6 63. g8=Q Ke5
64. Qf7 Kd6 65. Qf5 Ke7 66. Qg6 Kd7 67. Qf6 Kc7 68. Qe6 Kb7 69. Qd6 Ka7 70. Qb4
Ka6 71. Kg6 Ka7 72. Kf6 Ka6 73. Ke6 Ka7 74. Kd5 Ka6 75. Kc5 Ka7 76. Kc6 Ka8 77.
Qb7# 1-0

[Event "DVM U10 2020"]
[Site "Magdeburg GER"]
[Date "2021.08.07"]
[Round "5"]
[White "Krömer, Antonius"]
[Black "Mauch, Jurek"]
[Result "1-0"]
[Termination "normal"]
[Board "11.3"]
[WhiteElo "1041"]
[BlackElo "764"]
[WhiteTeam "SSV Vimaria 91 Weimar"]
[BlackTeam "Schachclub Aschaffenburg e.V."]
[PlyCount "83"]
[WhiteFideId "34660518"]
[BlackFideId "34627634"]
[EventCountry "GER"]
[EventRounds "7"]
[EventType "team-swiss"]
[EventDate "2021.08.06"]

{[%evp 0,55,20,20,12,9,22,9,17,12,27,40,50,26,39,33,37,47,40,28,21,19,20,20,31,
5,14,3,0,0,5,6,6,0,32,-12,51,53,130,49,49,30,52,16,64,-74,53,-1,-16,-35,-19,
-52,73,45,70,70,70,3] normal} 1. d4 d5 2. Nf3 Nf6 3. e3 e6 4. Bd3 Bb4+ 5. Bd2
Bxd2+ 6. Qxd2 O-O 7. O-O Nc6 8. Nc3 Re8 9. Ne5 Nxe5 10. dxe5 Nd7 11. f4 Nc5 12.
Bb5 Bd7 13. Bd3 Bc6 14. b4 Nxd3 15. Qxd3 a6 16. a4 Rb8 17. e4 d4 18. Ne2 b5 19.
a5 Qe7 20. Rab1 Rbd8 21. Rf3 f6 22. Rh3 h6 23. Nxd4 Ba8 24. c3 fxe5 25. fxe5
Qg5 26. Qg3 Qxg3 27. Rxg3 Bxe4 28. Re1 Bd5 29. Rf1 Bc4 30. Rf6 Kh7 31. Rf7 Rg8
32. Rxc7 Ba2 33. Re7 h5 34. Nxe6 Rd4 35. Kf2 Rd2+ 36. Ke1 Rb2 37. Ng5+ Kh8 38.
Rh3 Rf8 39. Rxh5+ Kg8 40. Ne6 Rf7 41. Re8+ Rf8 42. Rxf8# 1-0

[Event "DVM U10 2020"]
[Site "Magdeburg GER"]
[Date "2021.08.07"]
[Round "5"]
[White "Blumenthal Tuset, Sebastian"]
[Black "Hoffmann, Svenja"]
[Result "1/2-1/2"]
[Termination "normal"]
[Board "12.1"]
[WhiteElo "1187"]
[BlackElo "1307"]
[WhiteTeam "SK Gräfelfing"]
[BlackTeam "Schachzwerge Magdeburg"]
[PlyCount "56"]
[WhiteFideId "34604286"]
[BlackFideId "16287312"]
[EventCountry "GER"]
[EventRounds "7"]
[EventType "team-swiss"]
[EventDate "2021.08.06"]

{[%evp 0,56,19,38,25,16,14,23,25,0,2,2,25,-22,-11,-7,-5,-7,-7,15,18,0,37,32,27,
39,74,43,63,26,24,20,41,7,30,8,105,90,138,156,151,75,63,104,122,119,119,80,145,
61,60,55,118,127,127,98,125,70,159] normal} 1. e4 e5 2. Nf3 Nc6 3. Bb5 a6 4.
Ba4 b5 5. Bb3 Be7 6. c3 Bb7 7. d4 d6 8. Be3 Nf6 9. Nbd2 O-O 10. O-O exd4 11.
cxd4 d5 12. e5 Ne4 13. Bc2 Nb4 14. a3 Nxc2 15. Qxc2 Rc8 16. b4 h6 17. Rac1 Ng5
18. Nxg5 Bxg5 19. Bxg5 Qxg5 20. Nf3 Qg4 21. h3 Qd7 22. Rfe1 Rfe8 23. Re3 Re6
24. Nh4 Rc6 25. Qd2 Rxc1+ 26. Qxc1 Qd8 27. Nf3 c6 28. Qc5 a5 1/2-1/2

[Event "DVM U10 2020"]
[Site "Magdeburg GER"]
[Date "2021.08.07"]
[Round "5"]
[White "Pflug, Anton"]
[Black "Barsov, Vladislav"]
[Result "0-1"]
[Termination "normal"]
[Board "12.2"]
[WhiteElo "1113"]
[BlackElo "1083"]
[WhiteTeam "Schachzwerge Magdeburg"]
[BlackTeam "SK Gräfelfing"]
[PlyCount "96"]
[WhiteFideId "34611495"]
[BlackFideId "34613757"]
[EventCountry "GER"]
[EventRounds "7"]
[EventType "team-swiss"]
[EventDate "2021.08.06"]

{[%evp 0,58,23,23,23,23,-1,8,20,-4,121,107,118,118,110,84,92,73,245,72,74,60,
53,12,5,13,21,-52,-8,-64,10,-44,-1,-12,-4,-69,-56,-73,3,-13,13,-2,13,-45,-49,0,
0,0,286,-412,-413,-420,-414,-414,-420,-422,-420,-422,-414,-414,-417] normal} 1.
e4 e5 2. Nf3 Nc6 3. Bc4 Bc5 4. c3 a6 5. d4 exd4 6. cxd4 Bb6 7. Nc3 d6 8. Be3
Nge7 9. O-O O-O 10. a3 Bg4 11. Be2 d5 12. Qc2 dxe4 13. Nxe4 Bf5 14. Rfe1 Nxd4
15. Nxd4 Bxd4 16. Bxd4 Qxd4 17. Bd3 Rad8 18. Rad1 Nc6 19. Nc5 Bxd3 20. Rxd3
Rfe8 21. Red1 Qe5 22. Re3 Qg5 23. Rxd8 Rxd8 24. Qd3 Qxc5 25. Qxd8+ Nxd8 26.
Re8+ Qf8 27. Rxf8+ Kxf8 28. Kf1 Ke7 29. Ke2 Ke6 30. f4 Kf5 31. Ke3 Ne6 32. g3
Kg4 33. Ke4 Kh3 34. f5 Ng5+ 35. Kf4 h6 36. b4 Kxh2 37. g4 Kg2 38. a4 Kf2 39. a5
f6 40. b5 Ke2 41. Kg3 axb5 42. Kf4 b4 43. a6 bxa6 44. Kg3 b3 45. Kg2 b2 46. Kg3
b1=Q 47. Kg2 Qf1+ 48. Kg3 Qf2# 0-1

[Event "DVM U10 2020"]
[Site "Magdeburg GER"]
[Date "2021.08.07"]
[Round "5"]
[White "Nönnig, Lotte"]
[Black "Barsov, Mikhail"]
[Result "0-1"]
[Termination "normal"]
[Board "12.4"]
[WhiteElo "781"]
[BlackElo "858"]
[WhiteTeam "Schachzwerge Magdeburg"]
[BlackTeam "SK Gräfelfing"]
[PlyCount "132"]
[WhiteFideId "34611509"]
[BlackFideId "34623906"]
[EventCountry "GER"]
[EventRounds "7"]
[EventType "team-swiss"]
[EventDate "2021.08.06"]

{[%evp 0,69,11,23,17,23,23,23,70,-7,-7,4,-14,-14,-14,-20,-13,-49,-16,-29,-17,
-92,-94,-394,-399,-398,-405,-477,-497,-486,-491,-495,-518,-524,-520,-832,-591,
-857,-601,-695,-696,-797,-799,-821,-796,-864,-899,-968,-942,-967,-854,-855,
-876,-1060,-807,-815,-828,-828,-844,-844,-555,-546,-561,-584,-608,-646,-597,
-609,-518,-542,-540,-540] normal} 1. e4 e5 2. Nf3 Nc6 3. Bc4 Bc5 4. c3 Nf6 5.
d4 exd4 6. cxd4 Bb4+ 7. Bd2 Nxe4 8. O-O Nxd2 9. Nbxd2 O-O 10. Re1 d5 11. a3
Bxd2 12. Qxd2 dxc4 13. Re4 Bf5 14. Rf4 Bd3 15. Qc3 Re8 16. Rg4 g6 17. Ng5 Bf5
18. Rg3 Qxd4 19. Qc1 Re2 20. Qf1 Qxb2 21. Rd1 f6 22. Nf3 Rae8 23. Rc1 Bd3 24.
h3 Rc2 25. Rxc2 Qxc2 26. Qa1 Qb1+ 27. Qxb1 Bxb1 28. Nd2 Re1+ 29. Kh2 Rd1 30.
Nxc4 b5 31. Ne3 Rd3 32. Ng4 Rxg3 33. Kxg3 f5 34. Nf6+ Kf7 35. Nxh7 Ke6 36. Nf8+
Kf7 37. Nd7 Nd4 38. Ne5+ Kf6 39. Nd7+ Ke6 40. Nc5+ Kd5 41. Na6 Kd6 42. Nb4 c5
43. Na6 c4 44. Nb4 c3 45. Kh4 c2 46. Nxc2 Bxc2 47. Kg5 f4 48. Kxf4 Ne2+ 49. Ke3
Nc3 50. Kd2 Ne4+ 51. Kxc2 Nxf2 52. Kb3 Kc5 53. Kc3 Nd1+ 54. Kd2 Nb2 55. Kc3 Nc4
56. Kb3 a5 57. g4 a4+ 58. Ka2 Ne3 59. Kb2 b4 60. axb4+ Kxb4 61. h4 Nxg4 62. Ka2
Ne3 63. Kb2 a3+ 64. Kb1 Kb3 65. Ka1 a2 66. h5 Nc2# 0-1